Scrambled Country Capitals - Statistics

General Stats
  • This quiz has been taken 77 times
  • The average score is 13 of 15
Answer Stats
Hint Answer % Correct
sarwaw Warsaw
100%
yokto Tokyo
99%
taogob Bogotá
96%
ttawao Ottawa
96%
sirpa Paris
96%
hiled wne New Delhi
93%
iijuobdt Djibouti
91%
suiilnv Vilnius
91%
ikinslhe Helsinki
88%
renya Yaren
76%
ssaahikn Kinshasa
72%
ifanutuf Funafuti
71%
jumaro Majuro
69%
iobrian Nairobi
69%
aaaaartblu Ulaanbaatar
69%
No matching quizzes found
Score Distribution
Percent of People with Each Score
Percentile by Number Answered
Your Score History
You have not taken this quiz